| 000 | 04118cam a22005778i 4500 | ||
|---|---|---|---|
| 001 | 9781003155195 | ||
| 003 | FlBoTFG | ||
| 005 | 20250124160950.0 | ||
| 006 | m o d | ||
| 007 | cr ||||||||||| | ||
| 008 | 211101s2022 enk ob 001 0 eng | ||
| 040 |
_aKO _beng |
||
| 040 |
_aOCoLC-P _beng _erda _cOCoLC-P |
||
| 020 |
_a9781003155195 _q(ebook) |
||
| 020 | _a1003155197 | ||
| 020 |
_z9780367725358 _q(hardback) |
||
| 020 |
_z9780367725372 _q(paperback) |
||
| 020 |
_a9781000536713 _q(electronic bk. : EPUB) |
||
| 020 |
_a1000536718 _q(electronic bk. : EPUB) |
||
| 020 |
_a9781000536652 _q(electronic bk. : PDF) |
||
| 020 |
_a1000536653 _q(electronic bk. : PDF) |
||
| 041 | 0 | _aeng | |
| 072 | 7 |
_aLAW _x066000 _2bisacsh |
|
| 072 | 7 |
_aLAW _x099000 _2bisacsh |
|
| 072 | 7 |
_aSCI _x092000 _2bisacsh |
|
| 072 | 7 |
_aLBDM _2bicssc |
|
| 082 | 0 | 0 |
_a343.09/6 _223/eng/20211105 |
| 245 | 0 | 0 |
_aDisruptive technologies, climate change and shipping / _cedited by Barış Soyer and Andrew Tettenborn ; consulting editor: Simon Baughen. |
| 264 | 1 |
_aAbingdon, Oxon ; _aNew York, NY : _bRoutledge, _c2022. |
|
| 300 | _a1 online resource. | ||
| 336 |
_atext _btxt _2rdacontent |
||
| 337 |
_acomputer _bc _2rdamedia |
||
| 338 |
_aonline resource _bcr _2rdacarrier |
||
| 490 | 0 | _aMaritime and transport law library | |
| 505 | 0 | _aShipping and distributed ledgers : of paper, code and progress / Andrew Tettenborn -- Blockchain and electronic bills of lading : can revolutionary technology facilitate evolutionary change / John Russell -- Distributed ledger technology and commercial insurance : the beginning of a new era? / Barış Soyer -- UNCITRAL model law on electronic transferable records : the missing link towards e-shipping? / Olivier Cachard -- Autonomous systems : cyber risks and seaworthiness / Paul Dean, Henry Clack and Astrid Ainley -- Use of unmanned aircraft systems in a maritime context : operational, regulatory and legal issues / George Leloudas and Michael Chatzipanagiotis -- The role AI and machine learning will play in Maritime and Trade Law / Julian Clark and David Owens -- Maritime intellectual property : shining a light on the protection of disruptive technologies within the shipping industry / Andrew Beale -- The human element in autonomous shipping / Zoumpoulia Amaxilati -- Shipping and climate change / Simon Baughen -- International legal aspects of arctic shipping / Youri van Logchem -- Paving the way for a (European) emission trading system for shipping : EU and IMO on different paths / Ellen Eftestøl and Emilie Yliheljo -- Liability for climate damage and shipping / Ewan McGaughey. | |
| 520 |
_a"This book analyses the impact of two vital and contemporary developments on shipping law and practice: disruptive technologies and climate change. It considers the impact of these new technologies, honing in on likely emerging issues and unresolved questions, especially about existing and potential private law liabilities and concentrates, from the point of view of English, EU and international law, on the legal implications of climate change and associated environmental risks in the shipping sector. Written by a contributor team drawn from the most experienced and knowledgeable academics and practitioners in shipping law, this treatment of these growing areas of practice will be of great use to lawyers and administrators across the world"-- _cProvided by publisher. |
||
| 588 | _aOCLC-licensed vendor bibliographic record. | ||
| 650 | 0 | _aMaritime law. | |
| 650 | 0 |
_aTechnological innovations _xLaw and legislation. |
|
| 650 | 0 |
_aClimatic changes _xLaw and legislation. |
|
| 650 | 0 |
_aMaritime law _xEnvironmental aspects. |
|
| 650 | 7 |
_aLAW / Maritime _2bisacsh |
|
| 650 | 7 |
_aLAW / Science & Technology _2bisacsh |
|
| 700 | 1 |
_aSoyer, Barış, _eeditor. |
|
| 700 | 1 |
_aTettenborn, Andrew, _eeditor. |
|
| 856 | 4 | 0 |
_3Taylor & Francis _uhttps://www.taylorfrancis.com/books/9781003155195 |
| 856 | 4 | 2 |
_3OCLC metadata license agreement _uhttp://www.oclc.org/content/dam/oclc/forms/terms/vbrl-201703.pdf |
| 904 | _aRUDRA_R | ||
| 905 | _aR_RANJAN | ||
| 942 | _cEB | ||
| 999 |
_c3028 _d3028 |
||